000 00294nam a2200109Ia 4500
008 200302s9999 xx 000 0 und d
100 _aLesley Brown ED.,
245 _aThe new Shorter Oxford English Dictionary Vol 1 A-M
260 _bClarendon Press Oxford
260 _c1993
300 _a1876 P.,
999 _c1652
_d1652